| 000 | 00497nam a2200169Ia 4500 | ||
|---|---|---|---|
| 999 |
_c36580 _d36580 |
||
| 003 | OSt | ||
| 005 | 20201201135755.0 | ||
| 008 | 190216s9999||||xx |||||||||||||| ||und|| | ||
| 040 | _coclc | ||
| 082 |
_a421 _bPHI/R |
||
| 100 |
_aPhilips, Sam _96564 |
||
| 245 | 0 |
_aReadymade Letters For All Occasions / _cSam Philips |
|
| 260 |
_bGood Will Publishing House, _c1998. _aNew Delhi: |
||
| 300 | _a189p | ||
| 650 | _aGeneral Libraries | ||
| 942 |
_cBK _2ddc _h421 _iPHI/R _k421 _mPHI/R |
||